Datum a čas kvízu
30
Celkem bodů
Celkový počet nahraných bodů na tomto kvízu bez doplňovacích otázek.
1.
Pořadí na kvízu
Konečné umístění týmu na tomto kvízu.
Zaznamenané odpovědi
| # | Otázka | Odpověď | Body | Výsledky |
|---|---|---|---|---|
| 1. | Ekonomka a bývalá rektorka brn... | Danuše Nerudová | 0 | |
| 2. | Velkolepé čtyřdenní oslavy pla... | medvídek (Paddington) | 1 | |
| 3. | Nejsledovanější kauza současno... | 15 milionů USD | 0 | |
| 4. | V úterý jsme se dozvěděli, že... | Orsay | 1 | |
| 5. | Hokejista Jaromír Jágr předsta... | konopí | 0 | |
| 6. | V dalším díle této tematické s... | C | 1 | |
| 7. | Paulinie nápojná je známá hlav... | guarana | 0 | |
| 8. | Tento jihoamerický dravý pták... | kondor | 1 | |
| 9. | Tato velká šelma je svým výsky... | jaguár | 0 | |
| 10. | Broméliovité je čeleď rostlin... | A | 0 |